000 00572nam a22001817a 4500
999 _c165282
_d165282
005 20190613161951.0
010 _aENG-125567
020 _a9789353066512
_c499.00
035 _aEN-109099
037 _bDBAD/PUB
082 _a621
100 _aTrishna
245 _aTopic- wise pratice tests Gate mechanical engineering/
_cby Trishna
260 _aNoida
_c2019
_bPearson India Education
270 _a15th floor, tower- B, World Trade Tower, Plot No.1, Block-C sector-16
_bNoida
_e201301
300 _a472p.
_c25cm(pbk)
942 _2ddc
_cEN
_h621
_mTRI